| 000 | 00595nam a2200229 a 4500 | ||
|---|---|---|---|
| 999 |
_c2023 _d2023 |
||
| 001 | 2023 | ||
| 003 | BD-JhCC | ||
| 005 | 20171028185119.0 | ||
| 008 | 171028s1994 ny a|||| || | 000 0 eng d | ||
| 020 | _a9780706372328 | ||
| 035 | _a(BD-JhCC)2023 | ||
| 040 |
_aBD-JhCC _dBD-JhCC |
||
| 041 | _aeng | ||
| 082 |
_a155.932 _bFEE 1994 |
||
| 100 | _aFeenstra, Marcel | ||
| 245 |
_aThe Ultimate IQ Challenge / _cMarcel Feenstra, |
||
| 260 |
_aNew York : _bSterling Publishing Co., Inc. _c1994 |
||
| 300 |
_a128 p. : _c20 cm. |
||
| 650 | _aIntelligence Tests | ||
| 942 |
_2ddc _cBK |
||